<?xml version="1.0" encoding="UTF-8"?>
<record
    xmlns:xsi="http://www.w3.org/2001/XMLSchema-instance"
    xsi:schemaLocation="http://www.loc.gov/MARC21/slim http://www.loc.gov/standards/marcxml/schema/MARC21slim.xsd"
    xmlns="http://www.loc.gov/MARC21/slim">

  <leader>01145nam a22001457a 4500</leader>
  <controlfield tag="008">180421b        xxu||||| |||| 00| 0 eng d</controlfield>
  <datafield tag="020" ind1=" " ind2=" ">
    <subfield code="a">9789592604346</subfield>
  </datafield>
  <datafield tag="082" ind1=" " ind2=" ">
    <subfield code="a">801.950.82</subfield>
    <subfield code="b">L695l</subfield>
  </datafield>
  <datafield tag="100" ind1=" " ind2=" ">
    <subfield code="a">Libertad, Mariana</subfield>
    <subfield code="9">6230</subfield>
  </datafield>
  <datafield tag="245" ind1=" " ind2=" ">
    <subfield code="a">La loca inconfirmable: Apropiaciones feministas de Manuela S&#xE1;enz (1994-1963)</subfield>
  </datafield>
  <datafield tag="260" ind1=" " ind2=" ">
    <subfield code="a">La Habana, Cuba</subfield>
    <subfield code="b">Fondo Editorial Casa de las Am&#xE9;ricas</subfield>
    <subfield code="c">2014</subfield>
  </datafield>
  <datafield tag="300" ind1=" " ind2=" ">
    <subfield code="a">258 p</subfield>
    <subfield code="b">portada a color</subfield>
    <subfield code="c">21 cm x 14,2 cm</subfield>
  </datafield>
  <datafield tag="505" ind1=" " ind2=" ">
    <subfield code="t">Pr&#xF3;logo</subfield>
    <subfield code="t">Agradecimientos</subfield>
    <subfield code="t">Un pasado en el lenguaje</subfield>
    <subfield code="t">Lo que qued&#xF3; de mujer (&#xBF;qui&#xE9;nes escriben?)</subfield>
    <subfield code="t">De tapices y experiencias: qu&#xE9; territorio intervienen</subfield>
    <subfield code="t">Cuando se siente el porvenir: desde d&#xF3;nde escriben</subfield>
    <subfield code="t">El orden de la locura: cinco lecturas feministas de Manuela S&#xE1;enz</subfield>
    <subfield code="t">Ritos y saberes: el proceso de formaci&#xF3;n de Manuela S&#xE1;enz</subfield>
    <subfield code="t">Patriota y amante en su ardor: cuerpo, sexualidad y deseo en las cinco representaciones de Manuela S&#xE1;enz </subfield>
    <subfield code="t">Empresa(s) sin fin: una hero&#xED;na de guerra</subfield>
    <subfield code="t">De reenmascaramientos y feminizaciones </subfield>
    <subfield code="t">Bibliograf&#xED;a</subfield>
  </datafield>
  <datafield tag="650" ind1=" " ind2=" ">
    <subfield code="2">S&#xE1;enz, Manuela</subfield>
    <subfield code="x">Feminismo</subfield>
    <subfield code="x">Literatura feminista</subfield>
    <subfield code="x">Cr&#xED;tica literaria</subfield>
    <subfield code="x">Teor&#xED;a feminista</subfield>
    <subfield code="x">Sexualidad</subfield>
    <subfield code="x">Estudios sobre la mujer</subfield>
    <subfield code="9">6231</subfield>
  </datafield>
  <datafield tag="999" ind1=" " ind2=" ">
    <subfield code="c">1421</subfield>
    <subfield code="d">1421</subfield>
  </datafield>
  <datafield tag="952" ind1=" " ind2=" ">
    <subfield code="0">0</subfield>
    <subfield code="1">0</subfield>
    <subfield code="2">ddc</subfield>
    <subfield code="4">0</subfield>
    <subfield code="7">0</subfield>
    <subfield code="a">LV</subfield>
    <subfield code="b">LV</subfield>
    <subfield code="c">Pensamiento</subfield>
    <subfield code="d">2018-04-21</subfield>
    <subfield code="l">0</subfield>
    <subfield code="o">801.950.82 L695l</subfield>
    <subfield code="r">2018-04-21 00:00:00</subfield>
    <subfield code="w">2018-04-21</subfield>
    <subfield code="y">01</subfield>
  </datafield>
</record>
